书目信息 |
| 题名: |
假面具中的爱情
|
|
| 作者: | 张蓉 , 陈毛英 编 | |
| 分册: | ||
| 出版信息: | 杭州 浙江大学出版社 2009.04 |
|
| 页数: | 404页, [7] 页图版 | |
| 开本: | 21cm | |
| 丛书名: | ||
| 单 册: | ||
| 中图分类: | I565.11 , K825.5-53 | |
| 科图分类: | ||
| 主题词: | 文学--wen xue--法国--作品综合集 | |
| 电子资源: | ||
| ISBN: | 978-7-308-06674-7 | |
| 000 | 00978nam0 2200277 450 | |
| 001 | 012009097669 | |
| 005 | 20090623143139.15 | |
| 010 | @a978-7-308-06674-7@dCNY28.00 | |
| 100 | @a20090623d2009 em y0chi0120 ea | |
| 101 | 0 | @achi |
| 102 | @aCN@b330000 | |
| 105 | @aacfhz 000yy | |
| 106 | @ar | |
| 200 | 1 | @a假面具中的爱情@Ajia mian ju zhong de ai qing@e陈瑜清文存@f张蓉, 陈毛英编@Fzhang rong,chen mao ying bian |
| 210 | @a杭州@c浙江大学出版社@d2009.04 | |
| 215 | @a404页, [7] 页图版@c图, 肖像, 摹真@d21cm | |
| 330 | @a本书主要内容包括:假面具中的爱情,大名鼎鼎高迪萨-献给卡斯特里公爵夫人,巴尔扎克的生平与创作等。 | |
| 517 | 1 | @a陈瑜清文存@Achen yu qing wen cun |
| 600 | 0 | @a陈瑜清,@Achen yu qing,@f1908-1992@j纪念文集 |
| 606 | 0 | @a文学@Awen xue@y法国@j作品综合集 |
| 690 | @aI565.11@v4 | |
| 690 | @aK825.5-53@v4 | |
| 701 | 0 | @a张蓉@Azhang rong@4编 |
| 701 | 0 | @a陈毛英@Achen mao ying@4编 |
| 801 | 0 | @aCN@bQSSK@c20090623 |
| 905 | @b747586-88@dI565.11@eZ152@f3 | |
| 假面具中的爱情:陈瑜清文存/张蓉, 陈毛英编.-杭州:浙江大学出版社,2009.04 |
| 404页, [7] 页图版:图, 肖像, 摹真;21cm |
| ISBN 978-7-308-06674-7:CNY28.00 |
| 本书主要内容包括:假面具中的爱情,大名鼎鼎高迪萨-献给卡斯特里公爵夫人,巴尔扎克的生平与创作等。 |
| ● |
| 相关链接 |
|
|
|
正题名:假面具中的爱情
索取号:I565.11/Z152
 
预约/预借
| 序号 | 登录号 | 条形码 | 馆藏地/架位号 | 状态 | 备注 |
| 1 | 747586 | 207475864 | 社科二线422/116文学库 22排6列1层/ [索取号:I565.11/Z152] | 在馆 | |
| 2 | 747587 | 207475873 | 文学库116/116文学库 22排6列1层/ [索取号:I565.11/Z152] | 在馆 | |
| 3 | 747588 | 207475882 | 文学库116/116文学库 22排6列1层/ [索取号:I565.11/Z152] | 在馆 |